| 000 | 01696nam a2200361 a 4500 | ||
|---|---|---|---|
| 001 | BRCA_3203 | ||
| 005 | 20190320204148.0 | ||
| 008 | 190209s1742----enka---###---#000-0deng-u | ||
| 041 | _aeng | ||
| 044 | _aenk | ||
| 084 |
_a504 _b.T66 _c1742 |
||
| 100 | 1 |
_aCervantes Saavedra, Miguel de _d1547-1616 _9213 |
|
| 245 | 1 | 0 |
_aThe Life and Exploits of the Ingenious Gentleman Don Quixote de la Mancha _cMiguel de Cervantes Saavedra. |
| 260 |
_aLondres _bJ. and R. Tonson _c1742 |
||
| 300 |
_a2 v. _bil. _c30 cm. |
||
| 500 | _aContenido : v 1. Primera parte. Prefacio del traductor. Advertencia de John Oldfield. Retrato de Cervantes por Kent. Vida de Cervantes por Mayans. Traducción por Ozell. Prólogo del autor. Texto | ||
| 500 | _aEdición : Traslated from the Original spanish of Miguel de Cervantes Saavedra, by Charles Jarvis esq. Illustrated by Vanderbank | ||
| 500 | _aEjemplar por completo igual al LO-503. Piel; lomos y planos decorados con dorados Lúdovik Osterc | ||
| 500 | _aCon ex-libris de : Hebert Cen Broech Jacquelin Cork V. Orrevy | ||
| 500 | _aQM414B | ||
| 546 | _aTexto en : inglés | ||
| 650 | 1 | 4 |
_aNovela española _yÉpoca clásica, 1500-1700 _9215 |
| 650 | 1 | 4 |
_aLiteratura española _yÉpoca clásica, 1500-1700 _9216 |
| 650 | 1 | 4 |
_aNovela española _ySiglo XVII _9217 |
| 650 | 1 | 4 |
_aDon Quijote (Personaje ficticio) _eNovela _9218 |
| 700 | 1 |
_aMayans I. Siscar, Gregorio _d1699-1781 _eBiógrafo _98579 |
|
| 700 | 1 |
_aOzell, John _d?-1743 _eAnotador _98580 |
|
| 700 | 1 |
_aVanderbank, John _d1694-1739 _eIlustrador _98581 |
|
| 700 | 1 |
_aJarvis, Charles _d?-1739 _eTraductor _98582 |
|
| 740 | 0 | _aEl Ingenioso Hidalgo Don Quijote de la Mancha | |
| 902 | _aQFM | ||
| 942 |
_2lcc _cB |
||
| 999 |
_c2939 _d2939 |
||